| 000 | 02137nam a2200229 4500 | ||
|---|---|---|---|
| 005 | 20190115145133.0 | ||
| 008 | 190115n ck |||fr|||| 001 0 spa d | ||
| 040 |
_aCO-BoUCM _bspa _cSandra Yazo _dSandra Yazo |
||
| 041 | 0 | _aspa | |
| 082 | 0 | 4 |
_220 _a986.103 |
| 092 | _aE63N110 | ||
| 110 |
_aColombia _bMinisterio de Educación Nacional Bogotá _995110 |
||
| 245 | 1 | 0 | _aEdición extraordinaria dedicada a la ciudad de Bogotá en el iv centenario de su fundación |
| 260 |
_aBogotá (Colombia) _bImprenta Nacional ; Archivo Nacional _c[fecha desconocida] |
||
| 300 |
_a195 páginas _c25 x 17 cm. |
||
| 490 | 0 |
_aRevista del Archivo Nacional _v19 |
|
| 500 | _aDetalles físicos: Encuadernación flexible en cartulina. Tapas impresas en tinta negra. Hoja de cortesía. Portada impresa en una sola tinta. Texto impreso en una sola columna. Mayúsculas capitales. Ejemplar en buen estado de conservación | ||
| 505 | 2 | _aAutógrafo de D. Gonzalo Jiménez de Quesada ; Nota de la Dirección ; Asusto en que ordena empedrar las calles, hacer casas de teja y otras cosas en Santafe ; Constituciones de la casa de expósitos y divorciadas, fundada por orden del rey ; Disposiciones para que se dieran mayor solemnidad a la festividad del Corpus Christi ; Documentos referentes a la donación de un lote de terreno para el convento de San Francisco ; Disposición del señor Virrey Messías de la Zerda sobre correos 1770 ; Observaciones meteorológicas hechas en santa fe en el año 1788 ; Nombramiento de Regidor hecho por el ilustre Cabildo de Santafé en la persona de Dn. Juan José de San Llorente ; Bando público sobre el abuso de los regatones y revendedores y sobre el peso que había de tener el pan, sobre todo lo cual se pedía informe al cabildo ; Real cédula sobre cacicazgo de Anserma ; Visita de las boticas de Santafe y arancel de las drogas que en ella se vendían, 1725 ; Real cedula que prohibió el tráfico de esclavos negros entre las cosas de África y los dominios españoles | |
| 506 | _aConsulta en sala | ||
| 651 |
_aBogotá (Colombia) _xHistoria _y1535-1938 _995111 |
||
| 942 |
_2LOCAL _cLIBRO _e1 _hE63N110 |
||
| 999 |
_c311387 _d311387 |
||